000 00885naa a22002657a 4500
001 BR8805226
003 BR-BrBNA
005 20240918180304.0
007 ta
008 230509b bl.||||| |||| 00| 0 por d
040 _aBR-BrBNA
_bpor
_cBiblioteca Nacional de Agricultura
041 _a(Pt)
072 _aP30
090 _aP30 BR8805226
100 1 _aCastro, O.M. de
111 1 _a1. Encontro do Uso da Terra na Regiao do Vale do Paranapanema
_cAssis, SP (Brazil)
_d16-18 Sep 1984
245 1 _aManejo e preparo do solo e erosao
260 3 _aCampinas, SP (Brasil):
_c1985.
500 _aAspectos do manejo do solo Campinas, SP (Brasil): 1985. p. 43-70 (BR8805226-AM)P30
650 _aSOLO
650 _aEROSAO
773 0 _tAspectos do manejo do solo
_wP30 BR8805224
_gCampinas, SP (Brasil), 1985.
_q97 p.
909 _a202404
_bLucia
_c55
_dLucia Elande
942 _cAM
_2AGRIS
999 _c319614
_d319614